• 首页
  • 本馆介绍
  • 公告通知
  • 最新文献
  • 馆藏检索
  • 电子资源
  • 读者导购
  • 参考咨询
  • 我的图书馆
  • 登录
  • 详细信息显示
  • 放入我的书架
  • 预约/预借图书
  • 作者相关作品
  • 分类相关作品
  • 丛书相关作品
  • 出版社相关作品

书目信息

  • 表格格式
  • 工作单格式
  • 卡片格式
题名:
化工仿真
    
 
作者: 杨百梅 , 张淑新 , 刁香 主编
分册:  
出版信息: 北京   化学工业出版社  2016.3
页数: 300页
开本: 26cm
丛书名:
单 册:
中图分类: TQ015.9
科图分类:
主题词: 化学工业--计算机仿真--高等教育--教材 , 化学工业 , 计算机仿真
电子资源:
ISBN: 978-7-122-06334-2
000 00958nam0 2200301 450
001 0400003057
005 20171026092539.93
010    @a978-7-122-06334-2@dCNY34.50
100    @a20100521d2010 em y0chiy50 ea
101 0  @achi
102    @aCN@b110000
105    @aa z 000yy
106    @ar
200 1  @a化工仿真@9hua gong fang zhen@e实训与指导@f杨百梅,张淑新,刁香主编
205    @a第2版
210    @a北京@c化学工业出版社@d2016.3
215    @a300页@c图@d26cm
300    @a普通高等教育“十一五”国家级规划教材 高职高专教材
330    @a本书介绍了过程系统仿真、化工仿真系统学员站的使用方法及TDC3000培训系统的操作方法。
606 0  @a化学工业@x计算机仿真@x高等教育@j教材
606 0  @a化学工业
606 0  @a计算机仿真
690    @aTQ015.9@v4
701  0 @a杨百梅@9yang bai mei@4主编
701  0 @a张淑新@9zhang shu xin@4主编
701  0 @a刁香@9diao xiang@4主编
801  0 @aCN@b91MARC@c20171021
905    @b1033246-50@dTQ015.9@f5@e418=2
    
    化工仿真:实训与指导/杨百梅,张淑新,刁香主编.-第2版.-北京:化学工业出版社,2016.3
    300页:图;26cm
    普通高等教育“十一五”国家级规划教材 高职高专教材
    
    ISBN 978-7-122-06334-2:CNY34.50
    本书介绍了过程系统仿真、化工仿真系统学员站的使用方法及TDC3000培训系统的操作方法。
●
相关链接 在E读中查询图书 在五车中查询图书 在当当中查询图书 在豆瓣中查询图书


正题名:化工仿真     索取号:TQ015.9/418=2         预约/预借

序号 登录号 条形码 馆藏地/架位号 状态 备注
1 1033246   210332460   第二样本阅览室/ [索取号:TQ015.9/418=2] 在馆    
2 1033247   210332479   密集书库-化学系/ [索取号:TQ015.9/418=2] 在馆    
3 1033248   210332488   第三借阅区/ [索取号:TQ015.9/418=2] 在馆    
4 1033249   210332497   第三借阅区/ [索取号:TQ015.9/418=2] 在馆    
5 1033250   210332503   第三借阅区/ [索取号:TQ015.9/418=2] 在馆    
唐山师范学院图书馆 欢迎您!
大连网信软件有限公司© 版权所有